Role of multinational companies in nation's economy : (Record no. 123549)

MARC details
000 -LEADER
fixed length control field 00791nam a22002417a 4500
005 - DATE AND TIME OF LATEST TRANSACTION
control field 20170124105927.0
010 ## - LIBRARY OF CONGRESS CONTROL NUMBER
LC control number A-716403
020 ## - INTERNATIONAL STANDARD BOOK NUMBER
Terms of availability 00
International Standard Book Number 8170187478
035 #h - SYSTEM CONTROL NUMBER
System control number A-716403
037 ## - SOURCE OF ACQUISITION
Source of stock number/acquisition Cen Lib/Ret
040 ## - CATALOGING SOURCE
Original cataloging agency DPL
Language of cataloging EN
082 ## - DEWEY DECIMAL CLASSIFICATION NUMBER
Classification number 330
Item number MOH
100 ## - MAIN ENTRY--PERSONAL NAME
Personal name Mohsen, Shahbazzadeh
9 (RLIN) 72153
245 ## - TITLE STATEMENT
Title Role of multinational companies in nation's economy :
Statement of responsibility, etc by Shahbazzadeh Mohsen
Remainder of title a case study of Iran /
246 ## - VARYING FORM OF TITLE
Remainder of title
260 ## - PUBLICATION, DISTRIBUTION, ETC. (IMPRINT)
Name of publisher, distributor, etc B.R. Publishing Corporation
Date of publication, distribution, etc 1994
Place of publication, distribution, etc Delhi
270 ## - ADDRESS
City Delhi
Address A-6, nimri community centre
Postal code 110052
300 ## - PHYSICAL DESCRIPTION
Extent xii, 442p.
Dimensions 20cm(Hb)
500 ## - GENERAL NOTE
General note Includes bibliographical references and index
650 ## - SUBJECT ADDED ENTRY--TOPICAL TERM
Topical term or geographic name as entry element National development plan
Geographic subdivision Iran
9 (RLIN) 72154
650 ## - SUBJECT ADDED ENTRY--TOPICAL TERM
Topical term or geographic name as entry element Enterprises
9 (RLIN) 72155
942 ## - ADDED ENTRY ELEMENTS (KOHA)
Source of classification or shelving scheme Dewey Decimal Classification
Koha item type English Books
Classification part 330
Call number suffix MOH
Holdings
Withdrawn status Lost status Damaged status Not for loan Home library Current library Date acquired Source of acquisition Cost, normal purchase price Total Checkouts Full call number Barcode Date last seen Copy number Cost, replacement price Price effective from Koha item type Public note
Written off       Central Library Central Library 08/06/2015 Cen Lib/Ret 0.00   330 MOH A-716403 08/06/2015 1 0.00 08/06/2015 English Books Written off on approval by DLB (By Circulation); dtd 15-06-2023

© Delhi Public Library
Hit Counter
free hit counter